Československé polovodičové součástky 2 /
Salvato in:
| Autore principale: | |
|---|---|
| Natura: | Libro |
| Lingua: | ceco |
| Pubblicazione: |
Praha :
SNTL,
1979
|
| Edizione: | 1.vyd. |
| Soggetti: | |
| Tags: |
Nessun Tag, puoi essere il primo ad aggiungerne!!
|
MARC
| LEADER | 00000nam a22000003a 4500 | ||
|---|---|---|---|
| 001 | stu35341 | ||
| 005 | 20150617225730.6 | ||
| 008 | 920415s1979----cs------------------cze-d | ||
| 040 | |a STU |b slo | ||
| 041 | 0 | |a cze | |
| 044 | |a cs | ||
| 080 | |a 621.382(437) | ||
| 100 | 1 | |a Bém, Jaroslav |4 xxx | |
| 245 | 1 | |a Československé polovodičové součástky 2 / |c Jaroslav Bém a kol | |
| 250 | |a 1.vyd. | ||
| 260 | |a Praha : |b SNTL, |c 1979 | ||
| 300 | |a 315 s | ||
| 650 | 7 | |a polovodiče |2 stusub | |
| 650 | 7 | |a Súčiastky polovodičové čsl |2 stusub | |
| 996 | |b 284M047528 |c M*1509/2-1 |l MMKN |s A |a 24 |w stu35341_0001 | ||
| 996 | |b 284M047529 |c M*1509/2-2 |l MMKN |s A |a 24 |w stu35341_0002 | ||